00702 2200217 4500001002100000005001500021035002000036007000300056008004100059020002200100082000800122084001400130100001900144245009900163250003200262260005100294300003700345500005300382650002600435700002300461INLIS00000000134520620240205025613 a0010-0224000187ta240205 0 ind  a978-602-481-801-2 a959 a959 BOW n1 aBowring Philip1 aNusantaria :bSejarah Asia Tenggara Maritim /cPhilip Bowring ; penerjemah, Febri Ady Prasetyo aCetakan pertama, Maret 2022 aJakarta :bKepustakaan Populer Gramedia,c2022 axxx, 401 hlm. :bilus. ;c23 cm. aJudul asli: Empire of the Winds, Bibliografi 253 4aSejarah Asia Tenggara0 aFebri Ady Prasetyo